000 01514cam a2200133 4500500
005 20260405085537.0
041 _afre
042 _adc
100 1 0 _aDamet, Aurélie
_eauthor
245 0 0 _aLe monde grec : De Minos à Alexandre (1700-323 av. J.-C.)
260 _bArmand Colin,
_c2020.
520 _aCet ouvrage a pour but de présenter, sur un mode accessible et synthétique, les mondes grecs du IIe millénaire au IVe siècle av. J.-C.. Il s’agit de revenir sur les inflexions chronologiques majeures de cette période, à savoir l’époque minoenne et mycénienne, la Grèce archaïque et la Grèce classique, qui s’achève sur la montée en puissance macédonienne et les conquêtes d’Alexandre.L’approche chronologique des quatre parties du manuel  est complétée par des synthèses thématiques attendues (ainsi une présentation de la religion grecque polythéiste, un développement sur l’économie des cités ou les Jeux Olympiques)  mais aussi par des chapitres prenant en compte les dernières recherches menées en histoire ancienne, notamment sur la question de la citoyenneté et de la parenté dans les mondes grecs.Plusieurs dossiers feront l’objet d’un commentaire ou d’une dissertation, afin de présenter aux étudiants en formation les deux exercices fondamentaux de l’historien  : le travail sur les sources et l’exigence de la synthèse argumentée. 
856 4 1 _uhttps://shs.cairn.info/le-monde-grec--9782200618513?lang=fr&redirect-ssocas=7080
999 _c2198381
_d2198381